Multi-Category Religion Blitz Quiz Stats

 Plays Quiz Updated Nov 18, 2017

Challenge
Share
Tweet
Embed
Score 0/30 Timer 04:00
5 Plays Today
Hint Answer % Correct
Begins with PPaul
89.7%
Four Letter ReligionNoah
89.6%
Begins with PPsalms
87.4%
Four Letter ReligionAbel
86.9%
What's Their Largest Religion?Judaism
85.9%
What's Their Largest Religion?Hinduism
85.2%
What's Their Largest Religion?Islam
81%
Children of Mighty ZeusHeracles
79.9%
Children of Mighty ZeusAres
79.6%
Let's Get Old TestamentBlood
79.1%
Let's Get Old TestamentJonah
78.2%
Let's Get Old TestamentJudith...
77.6%
Begins with PPrayer
76.6%
Children of Mighty ZeusHelen
74%
Four Letter ReligionSikh
73.6%
Hint Answer % Correct
Four Letter ReligionJuno
72.2%
Let's Get Old TestamentSinai
67.9%
Four Letter ReligionIsis
67.6%
What's Their Largest Religion?Buddhism
67.5%
What's Their Largest Religion?Shinto
65.3%
Famous Sacred StructuresNotre Dame
63%
Children of Mighty ZeusArtemis
62.4%
Begins with PPillars
61.4%
Famous Sacred StructuresParthenon
60.7%
Let's Get Old TestamentLot
60.6%
Begins with PPluto
59.5%
Famous Sacred StructuresSt Peter's Basilica
59.2%
Famous Sacred StructuresAngkor Wat
50%
Children of Mighty ZeusPerseus
42.6%
Famous Sacred StructuresHagia Sophia
40.3%

You're not logged in!

Compare scores with friends on all Sporcle quizzes.
Join for Free
OR
Log In

You Might Also Like...

Show Comments

Extras

Top Quizzes Today


Score Distribution

Your Account Isn't Verified!

In order to create a playlist on Sporcle, you need to verify the email address you used during registration. Go to your Sporcle Settings to finish the process.

Report this User

Report this user for behavior that violates our Community Guidelines.

Details: